[Event "32nd Aegean Open"]
[Site "Aghios Kirykos GRE"]
[Date "2009.07.17"]
[Round "7"]
[White "Lahiri,A"]
[Black "Levushkina,E"]
[Result "0-1"]
[WhiteElo "2361"]
[BlackElo "2239"]

1.d4 d5 2.c4 dxc4 3.e3 Nf6 4.Bxc4 e6 5.Nf3 c5 6.O-O a6 7.Bb3 b5 8.a4 b4 9.e4 Bb7
10.e5 Ne4 11.Nbd2 Nxd2 12.Bxd2 cxd4 13.Ng5 Nd7 14.f4 Nc5 15.f5 Nxb3 16.Qxb3 Qd5
17.Qg3 h6 18.fxe6 hxg5 19.exf7+ Kd7 20.Bxg5 Qe6 21.Rad1 Bd5 22.Kh1 Bc5 23.Rc1 Bf8
24.Qf2 Rh5 25.Bf4 Rf5 26.Qxd4 Rxf7 27.Rcd1 Kc6 28.a5 Rb7 29.Rf2 Rb5 30.Rc2+ Kd7
31.Rdc1 Ke8 32.Bg5 Kf7 33.Qf4+ Kg8 34.Qg3 Be4 35.Rc7 Qxe5 36.Bf4 Qf6 37.h4 Qg6
38.Bg5 Bd6 39.Rc8+ Rxc8 40.Rxc8+ Kh7  0-1

[Event "32nd Aegean Open"]
[Site "Aghios Kirykos GRE"]
[Date "2009.07.18"]
[Round "8"]
[White "Spirin,O"]
[Black "Levushkina,E"]
[Result "1/2-1/2"]
[WhiteElo "2466"]
[BlackElo "2239"]

1.d4 d5 2.c4 dxc4 3.Nf3 Nf6 4.e3 e6 5.Bxc4 c5 6.O-O a6 7.Bb3 b5 8.a4 b4 9.Nbd2 Bb7
10.e4 Be7 11.e5 Nfd7 12.Nc4 O-O 13.Bc2 cxd4 14.Qxd4 b3 15.Bxb3 Bxf3 16.gxf3 Nc6
17.Qe3 Qc7 18.f4 Nc5 19.Bc2 Nb4 20.Bb1 g6 21.Bd2 Rab8 22.Qg3 Nc6 23.Bc3 Nb3
24.Ra2 Ncd4 25.Qd3 Rfd8 26.Nd6 Bxd6 27.exd6 Qxd6 28.Qe3 Qxf4 29.Qxf4 Ne2+
30.Kh1 Nxf4 31.Bf6 Rdc8 32.Be5 Rb4 33.Bc3 Rbc4 34.Ra3 Nc5 35.Bd2 Nd5 36.a5 Rb8
37.Rc1 Rxc1+ 38.Bxc1 Rb3 39.Ba2 Rxa3 40.bxa3 Kf8 41.Bc4 Ke7 42.Bb2 Kd6 43.Bd4 Nc7
44.Bc3 Kc6 45.Kg2 Nb5 46.Bb4 Nd6 47.Be2 Ndb7 48.Bc4 f6 49.Kf3 e5 50.Bg8 h6
51.Bh7 Nd6 52.Bxg6 f5 53.Kg3 Kd5 54.f3 e4 55.fxe4+ fxe4 56.Bd2 Ke6 57.Bxh6 Kf6
58.Bf4 Nc4 59.Bh7 Kg7 60.Bf5 Nxa5 61.Be3 Nab7 62.Bd4+ Kf7 63.Bc8 a5 64.Kf4 Nb3
65.Be5 N7c5 66.Bf5 Nd2 67.Bc3 Nc4 68.h4 Ne6+ 69.Kxe4 Ng7 70.Bxg7 Kxg7 71.a4 Nb6  1/2-1/2

[Event "13th Battle of Senta Open A"]
[Site "Senta SRB"]
[Date "2009.07.18"]
[Round "1"]
[White "Arsovic,G"]
[Black "Damjanovic,D"]
[Result "1-0"]
[WhiteElo "2423"]
[BlackElo "2230"]

1.d4 d5 2.Nf3 Nf6 3.c4 dxc4 4.e3 e6 5.Bxc4 c5 6.O-O a6 7.Qe2 b5 8.Bd3 Bb7
9.dxc5 Nc6 10.b4 Nxb4 11.Bxb5+ Nc6 12.Ba4 Qa5 13.Qc4 Qxc5 14.Nbd2 Nd7 15.Rb1 Qxc4
16.Nxc4 Nc5 17.Rxb7 Nxa4 18.Bd2 Nd8 19.Rc7 Rb8 20.Ra7 Nc5 21.Nd4 f6 22.Ba5 e5
23.Nf5 Nf7 24.Rd1 Ne6 25.Rxa6 Ned8 26.h3 g6 27.Bxd8 Nxd8 28.Nfd6+ Bxd6 29.Nxd6+ Ke7
30.Ra7+ Ke6 31.Ne4 Rb6 32.g4 Rc6 33.Rdd7  1-0

[Event "Politiken Cup"]
[Site "Helsingor DEN"]
[Date "2009.07.22"]
[Round "6"]
[White "Hansen,ReR"]
[Black "Eriksson,C"]
[Result "1/2-1/2"]
[WhiteElo "1991"]
[BlackElo "2181"]

1.Nf3 d5 2.d4 Nf6 3.c4 dxc4 4.e3 e6 5.Bxc4 c5 6.O-O a6 7.a4 Nc6 8.Nc3 Qc7
9.Qe2 Bd6 10.Rd1 O-O 11.h3 b6 12.dxc5 Bxc5 13.e4 Ne5 14.Nxe5 Qxe5 15.Be3 Bb7
16.Bxc5 Qxc5 17.Rac1 Qg5 18.Rc2 Qf4 19.f3 Qg5 20.Qf2 Rac8 21.Qxb6 Rxc4 22.Qxb7 Qe3+
23.Rf2 a5 24.Qb5 Rb4 25.Qd3 Qb6 26.Rd2 Rb8 27.Qd6 Rxb2 28.Qxb6 R2xb6 29.Nb5  1/2-1/2

[Event "Synthesia Rapid Open"]
[Site "Pardubice CZE"]
[Date "2009.07.22"]
[Round "3"]
[White "Laznicka,V"]
[Black "Michiels,B"]
[Result "0-1"]
[WhiteElo "2617"]
[BlackElo "2451"]

1.d4 d5 2.Nf3 Nf6 3.c4 dxc4 4.e3 e6 5.Bxc4 c5 6.O-O a6 7.dxc5 Qxd1 8.Rxd1 Bxc5
9.Be2 O-O 10.Ne5 Nbd7 11.Nd3 Be7 12.Nd2 b6 13.f3 Bb7 14.e4 Rac8 15.Nb3 Rfd8
16.Be3 Ne8 17.Nd2 Rc2 18.Kf1 Nd6 19.Rab1 Nc4 20.Nxc4 Rxc4 21.a3 Rcc8 22.Rd2 Kf8
23.Rbd1 Ke8 24.b4 Bc6 25.Nb2 Bb5 26.Bxb5 axb5 27.Bd4 Bg5 28.Rd3 Rc2 29.f4 Bxf4
30.Bxb6 Bc7 31.Bxc7 Rxc7 32.R1d2 Rdc8 33.Rg3 g6 34.Rg5 f5 35.exf5 exf5 36.Rg3 Nf6
37.Re3+ Re7 38.Ke2 Ne4  0-1

[Event "Czech Open A"]
[Site "Pardubice CZE"]
[Date "2009.07.24"]
[Round "1"]
[White "Ruecker,Be"]
[Black "Michiels,B"]
[Result "1/2-1/2"]
[WhiteElo "2258"]
[BlackElo "2451"]

1.d4 d5 2.c4 dxc4 3.Nf3 Nf6 4.e3 e6 5.Bxc4 c5 6.O-O a6 7.Bb3 b5 8.a4 b4 9.Qe2 Bb7
10.Nbd2 Be7 11.dxc5 Nbd7 12.e4 Nxc5 13.Bc2 O-O 14.e5 Nfd7 15.b3 Rc8 16.Nc4 Rc7
17.Bd2 Qa8 18.Bxb4 Rb8 19.Ba5 Rcc8 20.Rab1 Bd5 21.Nd6 Rc6 22.Nd4 Nxe5 23.Nxc6 Nxc6
24.Bxh7+ Kxh7 25.Qh5+ Kg8 26.Qxf7+  1/2-1/2

[Event "Continental ch-Americas"]
[Site "Sao Paulo BRA"]
[Date "2009.07.25"]
[Round "1"]
[White "Alvarez Marquez,J"]
[Black "Mourao,I"]
[Result "1/2-1/2"]
[WhiteElo "2431"]
[BlackElo "2041"]

1.d4 d5 2.c4 dxc4 3.Nf3 Nf6 4.e3 e6 5.Bxc4 c5 6.O-O a6 7.Qe2 cxd4 8.exd4 b5
9.Bb3 Bb7 10.a4 b4 11.Be3 Nbd7 12.a5 Be7 13.Nbd2 O-O 14.Bc4 Nd5 15.Nb3 Bd6
16.Nc5 Bxc5 17.dxc5 Nxe3 18.Qxe3 Qe7 19.Ra4 Bxf3 20.gxf3 Rab8  1/2-1/2

[Event "13th Battle of Senta Open A"]
[Site "Senta SRB"]
[Date "2009.07.25"]
[Round "9"]
[White "Sutorikhin,V"]
[Black "Damjanovic,D"]
[Result "1/2-1/2"]
[WhiteElo "2341"]
[BlackElo "2230"]

1.d4 d5 2.c4 dxc4 3.e3 Nf6 4.Bxc4 e6 5.Nf3 c5 6.O-O a6 7.a3 b5 8.Ba2 Bb7
9.Nc3 Be7 10.Qe2 cxd4 11.Rd1 d3 12.Rxd3 Qc7 13.e4 Nc6 14.Bg5 Ne5 15.Bf4 Nxf3+
16.Qxf3 Qc6 17.Rc1 O-O 18.Nd5 exd5 19.Rxc6 dxe4 20.Rc7 exf3 21.Rxb7 Rfd8
22.Rxd8+ Rxd8 23.gxf3 Rd7 24.Rb6 Nd5 25.Rb8+ Bf8 26.Bd2 Ne7 27.Bb4 g5 28.Ra8 Ng6
29.Bxf8 Nxf8 30.Rxa6 Rd1+ 31.Kg2 Ng6 32.f4 Nxf4+ 33.Kf3 Rd2 34.Ra7 Rxb2 35.Bxf7+ Kh8
36.h4 h6 37.hxg5 hxg5 38.Kg4 Rxf2 39.Kxg5 Ne2 40.Kh6 Rf6+ 41.Bg6 Kg8 42.Rb7 Nf4
43.Rb8+ Rf8 44.Bh7+ Kf7 45.Rxb5 Ke7 46.a4 Kd6 47.Be4 Re8 48.Bb7 Re5 49.Rb4 Rh5+
50.Kg7 Ne6+ 51.Kg6 Rg5+ 52.Kf6 Rg1 53.Be4 Rf1+ 54.Bf5 Ng7 55.Kxg7 Rxf5 56.Kg6 Rf1
57.Rc4 Rf2 58.Kg5 Rf3 59.Kg4 Rf2 60.Kg3 Rf1 61.Kg2 Rf5  1/2-1/2

[Event "Najdorf Mem Open"]
[Site "Warsaw POL"]
[Date "2009.07.25"]
[Round "8"]
[White "Marszalek,Mac"]
[Black "Wojciechowski,Pi"]
[Result "1/2-1/2"]
[WhiteElo "2395"]
[BlackElo "2279"]

1.d4 d5 2.c4 dxc4 3.Nf3 Nf6 4.e3 e6 5.Bxc4 c5 6.O-O a6 7.Bb3 Nc6 8.Qe2 Bd6
9.Rd1 Qc7 10.Nc3 O-O 11.Bd2 e5 12.dxc5 Bxc5 13.Nd5 Nxd5 14.Bxd5 Nb4 15.Bxb4 Bxb4
16.Rac1 Qe7 17.Qc4 Bf5 18.Qc7 e4 19.Nd4 Bg4 20.Qxe7 Bxe7 21.Rd2 Rac8 22.Rdc2 b5
23.h3 Rxc2 24.Rxc2 Bc8 25.Bxe4 Rd8 26.Kf1 Bf6 27.Ke2 g6 28.Rd2 Kf8 29.b3 Re8
30.Bf3 Rd8 31.Nc2 Rxd2+ 32.Kxd2 Ke7 33.Bd5 Be5 34.Nb4 Bc7 35.Nd3 f6 36.e4 Ba5+
37.b4 Bb6 38.f3 Bd7 39.Bb7 a5 40.a3 Kd6 41.Bd5 a4 42.Kc3 Be3 43.Kc2 g5 44.Kc3 h5
45.Ne1 Ke5 46.Nd3+ Kd6  1/2-1/2

[Event "zt 3.3"]
[Site "Ho Chi Minh City VIE"]
[Date "2009.07.26"]
[Round "6"]
[White "Le Quang Long"]
[Black "Nguyen Van Thanh"]
[Result "1/2-1/2"]
[WhiteElo "2279"]
[BlackElo "2173"]

1.d4 d5 2.Nf3 Nf6 3.c4 dxc4 4.e3 e6 5.Bxc4 c5 6.O-O a6 7.dxc5 Qxd1 8.Rxd1 Bxc5
9.b3 Nbd7 10.Nbd2 b6 11.Be2 Bb7 12.Ne1 O-O 13.Nd3 Be7 14.Nc4 Rac8 15.f3 Nd5
16.Bb2 b5 17.Na5 Ba8 18.e4 Nc3 19.Bxc3 Rxc3 20.a4 Nc5 21.Nxc5 Bxc5+ 22.Kh1 Bb4
23.axb5 axb5 24.Bxb5 Bxa5  1/2-1/2

[Event "ch-Euro Senior"]
[Site "Rogaska Slatina SLO"]
[Date "2009.07.27"]
[Round "6"]
[White "Toefferl,H"]
[Black "Hohler,P"]
[Result "1/2-1/2"]
[WhiteElo "2121"]
[BlackElo "2228"]

1.d4 d5 2.c4 dxc4 3.e3 Nf6 4.Bxc4 e6 5.Nf3 c5 6.O-O a6 7.a4 Nc6 8.Nc3 Be7
9.b3 O-O 10.dxc5 Bxc5 11.Qc2 Qe7 12.Bb2 e5 13.Ne4 Bf5 14.Nxf6+ Qxf6 15.Bxf7+ Qxf7
16.Qxc5 Bd3 17.Ng5 Qxb3 18.Ra3 Qc4 19.Rc1 Qxc5 20.Rxc5 e4 21.f4  1/2-1/2

[Event "Open"]
[Site "Stara Pazova SRB"]
[Date "2009.07.27"]
[Round "4"]
[White "Sertic,Ru"]
[Black "Martic,Z"]
[Result "1/2-1/2"]
[WhiteElo "2381"]
[BlackElo "2359"]

1.Nf3 d5 2.d4 Nf6 3.c4 dxc4 4.e3 e6 5.Bxc4 c5 6.O-O a6 7.a4 Nc6 8.Qe2 cxd4
9.Rd1 Be7 10.exd4 O-O 11.Nc3 Nb4 12.Bf4 Nbd5 13.Be5 Qa5 14.Nd2 Nxc3 15.bxc3 Bd7
16.Bd3 Bc6 17.c4 Rac8 18.Nb3 Qd8 19.a5 g6 20.Bf4 Re8 21.Bd2 Bd6 22.f4 h5
23.g3 Bb8 24.h3 Ba7 25.Kh2 Kg7 26.Bc3 Bb8 27.Rf1 Kg8 28.Rae1 Bd6 29.Qb2 Nd7
30.Qb1 h4 31.g4 Qc7 32.Re5 Nxe5 33.fxe5 Bf8 34.g5 Bg7 35.Rf6 Red8 36.Qe1 b5
37.axb6 Qxb6 38.Nc5 Ba8 39.Ne4 Rxd4 40.Qf2 Rcd8 41.c5 Qb3 42.Bxd4 Qxd3 43.Rxf7 Qxe4
44.Rxg7+  1/2-1/2

[Event "Czech Open A"]
[Site "Pardubice CZE"]
[Date "2009.07.28"]
[Round "5"]
[White "Jorczik,J"]
[Black "Brethes,F"]
[Result "0-1"]
[WhiteElo "2352"]
[BlackElo "2255"]

1.d4 d5 2.c4 dxc4 3.Nf3 e6 4.e3 c5 5.Bxc4 Nf6 6.O-O a6 7.dxc5 Bxc5 8.Qxd8+ Kxd8
9.Be2 Nc6 10.Nbd2 Ke7 11.b3 b5 12.a4 bxa4 13.Rxa4 Bb7 14.Bb2 Bb4 15.Nc4 a5
16.Rc1 Ne4 17.Nb6 Rad8 18.Nd4 Nxd4 19.Bxd4 Rxd4 20.exd4 Nc3 21.Ra2 Nxa2 22.Rc7+ Kf6
23.Rxb7 Nc1 24.Bc4 Kg6 25.d5 Bd6 26.g3 Bc5 27.dxe6 fxe6 28.Nd7 Bd4 29.Kg2 e5
30.f3 Kh6 31.Rc7 Ra8 32.Nc5 Bxc5 33.Rxc5 a4 34.bxa4 Rxa4 35.Kh3 Ra3 36.Kg4 Rc3
37.Rc6+ g6 38.Bd5 Nd3 39.f4 Nf2+ 40.Kh4 exf4 41.Rf6 Rd3 42.Bb7 fxg3 43.h3 Kg7
44.Rb6 h5 45.Bg2 Kh6 46.Rf6 Re3 47.Rb6 Nd3 48.Bf3 Ne5 49.Bg2 Nd3 50.Bf3 Ne1
51.Bxh5 Re4+ 52.Kxg3 Kxh5 53.Rb8 Re3+ 54.Kf2 Re6 55.Kg3 Kh6 56.h4 Nd3 57.Rf8 Re4
58.Rh8+ Kg7 59.Rd8 Nb4 60.Rd6 Rc4 61.Rd8 Nc6 62.Re8 Kf7 63.Rc8 Ne5 64.Rh8 Kg7
65.Re8 Nf7 66.Re7 Kf6 67.Ra7 Nd6 68.Ra6 Rd4 69.Kf3 Kg7 70.Kg2 Kh6 71.Ra5 Rxh4
72.Kg3 Rb4  0-1

[Event "Women's Open"]
[Site "Vratsa BUL"]
[Date "2009.07.28"]
[Round "5"]
[White "Voiska,M"]
[Black "Chilingirova,P"]
[Result "1-0"]
[WhiteElo "2332"]
[BlackElo "2135"]

1.d4 d5 2.Nf3 Nf6 3.e3 e6 4.c4 dxc4 5.Bxc4 c5 6.O-O Nc6 7.Nc3 a6 8.a4 Qc7
9.Qe2 Be7 10.Bd2 O-O 11.Rfc1 cxd4 12.exd4 Qd8 13.Rd1 Nb4 14.Bg5 Nbd5 15.Ne5 Bd7
16.Bxf6 Nxc3 17.bxc3 Bxf6 18.d5 exd5 19.Rxd5 Bxe5 20.Qxe5 Qe8 21.Qd4 Bc6
22.Re5 Qd8 23.Qf4 Qc7 24.a5 Rae8 25.Rae1 Rxe5 26.Rxe5 Qd6 27.h4 Qg6 28.Rg5 Qb1+
29.Kh2 Qe4 30.Qxe4 Bxe4 31.Re5 Bc6 32.Re7 g6 33.g4 Bf3 34.Kg3 Rc8 35.Bxf7+ Kf8
36.Re8+ Rxe8 37.Bxe8 Be4 38.Kf4 Bd5 39.Ba4 Kf7 40.Ke5 h6 41.Kxd5  1-0

[Event "ZMD Open"]
[Site "Dresden GER"]
[Date "2009.07.30"]
[Round "6"]
[White "Hansch,T"]
[Black "Nyzhnyk,I"]
[Result "0-1"]
[WhiteElo "2203"]
[BlackElo "2486"]

1.d4 d5 2.c4 dxc4 3.Nf3 Nf6 4.e3 e6 5.Bxc4 c5 6.O-O a6 7.Bb3 b5 8.a4 b4 9.Nbd2 Bb7
10.Nc4 Nbd7 11.Bd2 a5 12.Nfe5 Be7 13.f4 O-O 14.Be1 Nb6 15.Bh4 cxd4 16.exd4 Nxc4
17.Bxc4 Qb6 18.f5 Rad8 19.fxe6 fxe6 20.Qe2 Qxd4+ 21.Bf2 Qd6 22.Rad1 Bd5 23.Bxd5 Nxd5
24.Rfe1 Nf4 25.Qg4 Qc7 26.Rc1 Qb7 27.Nc6 Rd2 28.g3 h5  0-1

[Event "Women's Open"]
[Site "Vratsa BUL"]
[Date "2009.07.30"]
[Round "8"]
[White "Maksimovic,S"]
[Black "Sgircea,S"]
[Result "0-1"]
[WhiteElo "2255"]
[BlackElo "2199"]

1.d4 d5 2.Nf3 Nf6 3.c4 dxc4 4.e3 e6 5.Bxc4 c5 6.O-O a6 7.Bb3 b5 8.a4 Bb7
9.axb5 axb5 10.Rxa8 Bxa8 11.Qe2 Bxf3 12.gxf3 c4 13.Bc2 Qb6 14.b3 cxb3 15.Bxb3 Nbd7
16.Nc3 b4 17.Na4 Qb7 18.e4 Be7 19.Bg5 h6 20.Bxf6 Nxf6 21.Nc5 Bxc5 22.Ba4+ Ke7
23.dxc5 Qa7 24.Qc2 Rc8 25.c6 Qa5 26.Rc1 Nh5 27.h4 Nf4 28.Rd1 Qh5 29.Kf1 Qxf3
30.Qc5+ Kf6 31.e5+ Kg6 32.Qc2+ Kh5 33.Ke1 Ng2+ 34.Kd2 Qxf2+ 35.Kc1 Qxc2+  0-1

[Event "Continental ch-Americas"]
[Site "Sao Paulo BRA"]
[Date "2009.07.31"]
[Round "8"]
[White "Leitao,R"]
[Black "Dos Santos,R"]
[Result "1-0"]
[WhiteElo "2610"]
[BlackElo "2441"]

1.d4 d5 2.c4 dxc4 3.Nf3 Nf6 4.e3 e6 5.Bxc4 c5 6.O-O a6 7.Bb3 Qc7 8.Nc3 Nc6
9.Qe2 Bd6 10.dxc5 Bxc5 11.Bd2 O-O 12.Rac1 b6 13.Ng5 Bb7 14.Nce4 Be7 15.Bc3 Nd5
16.Bxg7 Kxg7 17.Qg4 Kh8 18.Qh4 Bxg5 19.Nxg5 Nf6 20.Bc2 Kg7 21.Nxh7 Qe5 22.f4 Qxe3+
23.Kh1 Ne4 24.Nxf8 Nd4 25.Rce1 Ng3+ 26.hxg3 Qd2 27.Be4 Bxe4 28.Rxe4 Rxf8
29.Qg4+ Kh7 30.Rd1  1-0

[Event "III Deportiva San Juan Open"]
[Site "Pamplona ESP"]
[Date "2009.08.01"]
[Round "8"]
[White "Rusev,K"]
[Black "Ivanov,Jo"]
[Result "1-0"]
[WhiteElo "2543"]
[BlackElo "2431"]

1.d4 d5 2.Nf3 Nf6 3.c4 dxc4 4.e3 e6 5.Bxc4 c5 6.O-O a6 7.Bd3 Nbd7 8.Re1 Be7
9.e4 cxd4 10.e5 Nd5 11.Nxd4 Qc7 12.Be4 Qxe5 13.Bf3 Qd6 14.Nf5 exf5 15.Nc3 N7f6
16.Nxd5 Nxd5 17.Bxd5 O-O 18.Bf4 Qxf4 19.Rxe7 Be6 20.Bxe6 Qb4 21.Rxf7 Rxf7
22.Qd5 Rf8 23.Rc1 g6 24.Qe5 Qh4 25.Bxf7+ Rxf7 26.Rc8+ Rf8 27.Qe6+ Kg7 28.Rc7+ Kh6
29.Qd7 Qe4 30.h4  1-0

[Event "Arctic Chess Challenge"]
[Site "Tromso NOR"]
[Date "2009.08.07"]
[Round "7"]
[White "Khenkin,I"]
[Black "Rasmussen,A"]
[Result "1/2-1/2"]
[WhiteElo "2634"]
[BlackElo "2536"]

1.d4 d5 2.c4 dxc4 3.Nf3 Nf6 4.e3 e6 5.Bxc4 c5 6.O-O a6 7.dxc5 Bxc5 8.Qxd8+ Kxd8
9.Ne5 Ke7 10.Be2 Nbd7 11.Nc4 a5 12.Nc3 b6 13.Na4 Ba6 14.Nxc5 bxc5 15.b3 a4
16.Ba3 Rhb8 17.Rfc1 axb3 18.axb3 Nd5 19.Bd1 Bxc4 20.Rxc4 Nb4 21.h4 Ra7 22.Bb2 Rxa1
23.Bxa1 g6 24.Bc3 Kd6 25.f4 Nd5 26.Bd2 N7b6 27.Rc1 f5 28.Ra1  1/2-1/2

[Event "GMA"]
[Site "Peterhof RUS"]
[Date "2009.08.09"]
[Round "11"]
[White "Nadjezhdin,D"]
[Black "Khuseinkhodzhaev,M"]
[Result "0-1"]
[WhiteElo "2413"]
[BlackElo "2381"]

1.Nf3 d5 2.d4 Nf6 3.c4 dxc4 4.e3 e6 5.Bxc4 c5 6.O-O a6 7.a4 Nc6 8.Qe2 Be7
9.Rd1 Qc7 10.Nc3 O-O 11.d5 exd5 12.Nxd5 Nxd5 13.Bxd5 Bf6 14.h3 Nb4 15.e4 Re8
16.Bg5 Nxd5 17.Rxd5 Be6 18.Rd2 Bxg5 19.Nxg5 Bf5 20.Rd5 Qf4 21.Qc4 Bg6 22.Rxc5 h6
23.Nf3 Rxe4 24.Rc8+ Kh7 25.Qc5 Rxc8 26.Qxc8 Rb4 27.Re1 Rxb2 28.Re8 Be4 29.Rh8+ Kg6
30.Ne5+ Qxe5 31.Qg4+ Kf6 32.Qh4+ g5 33.Qxh6+ Bg6  0-1

[Event "GMA"]
[Site "Peterhof RUS"]
[Date "2009.08.10"]
[Round "12"]
[White "Lupik,M"]
[Black "Lavretzkij,R"]
[Result "1/2-1/2"]
[WhiteElo "2234"]
[BlackElo "2313"]

1.d4 d5 2.c4 dxc4 3.Nf3 Nf6 4.e3 e6 5.Bxc4 c5 6.O-O a6 7.a4 Nc6 8.Nc3 cxd4
9.exd4 Nb4 10.Qe2 Be7 11.Rd1 Nbd5 12.Bg5 O-O 13.Rac1 b6 14.Ne5 Bb7 15.Ba2 Rc8  1/2-1/2

[Event "XVIII TCh-MKD"]
[Site "Struga MKD"]
[Date "2009.08.12"]
[Round "3"]
[White "Mitkov,M"]
[Black "Tancev,Z"]
[Result "1-0"]
[WhiteElo "2382"]
[BlackElo "2216"]

1.d4 d5 2.c4 dxc4 3.Nf3 Nf6 4.e3 e6 5.Bxc4 c5 6.O-O Nc6 7.Nc3 a6 8.Bb3 Qc7
9.Re1 Bd6 10.d5 exd5 11.e4 O-O 12.Nxd5 Nxd5 13.exd5 Ne5 14.Nxe5 Bxe5 15.Qh5 Bd4
16.Bg5 Bf5 17.Be7 Qf4 18.Qf3 Qxf3 19.gxf3 Rfe8 20.Rad1 Bd7 21.d6 Bxb2 22.Bd5 Ra7
23.Bg5 Be5 24.Re3 Raa8 25.Bxb7 Ra7 26.Be4 f6 27.Bh4 a5 28.Bg3 Bd4 29.Bd5+ Kf8
30.Rxe8+ Bxe8 31.Rb1 g5 32.Rb8 f5 33.Bc6 Kg7 34.Rxe8 f4 35.Re7+  1-0

[Event "Yoel Geva YTGM"]
[Site "Tel Aviv ISR"]
[Date "2009.08.18"]
[Round "9"]
[White "Bykhovsky,An ISR"]
[Black "Erenburg,S"]
[Result "1/2-1/2"]
[WhiteElo "2487"]
[BlackElo "2564"]

1.d4 d5 2.c4 dxc4 3.e3 Nf6 4.Nf3 e6 5.Bxc4 c5 6.O-O a6 7.a4 Nc6 8.Nc3 Be7
9.dxc5 Qxd1 10.Rxd1 Bxc5 11.Bd2 Bd7 12.Rac1  1/2-1/2

[Event "XI Sants Open"]
[Site "Barcelona ESP"]
[Date "2009.08.24"]
[Round "4"]
[White "Strunski,A"]
[Black "Randazzo,A"]
[Result "1-0"]
[WhiteElo "2413"]
[BlackElo "2240"]

1.d4 d5 2.c4 dxc4 3.Nf3 Nf6 4.e3 e6 5.Bxc4 c5 6.O-O a6 7.Bb3 Nc6 8.Qe2 cxd4
9.Rd1 d3 10.Rxd3 Qc7 11.Nc3 Bc5 12.h3 b5 13.e4 Nd7 14.a4 b4 15.Nd5 Qa7 16.Bf4 O-O
17.Ne3 e5 18.Bg5 h6 19.Bd5 Bb7 20.Bxh6 Ne7 21.Bxb7 Qxb7 22.Ng4 Ng6 23.Qd2 Qb6
24.Rxd7 gxh6 25.Nxh6+ Kg7 26.Nf5+ Kf6 27.Qg5+ Ke6 28.Rad1 Rg8 29.Ng7+  1-0

[Event "XXVI Open A"]
[Site "Collado Villalba ESP"]
[Date "2009.08.24"]
[Round "4"]
[White "Sanchez Carvajal,N"]
[Black "Pastor Alonso de Prado,E"]
[Result "0-1"]
[WhiteElo "1989"]
[BlackElo "2174"]

1.d4 Nf6 2.Nf3 e6 3.c4 d5 4.e3 c5 5.Bd3 dxc4 6.Bxc4 a6 7.a4 Nc6 8.O-O b6
9.Nc3 cxd4 10.exd4 Nb4 11.Bg5 Bb7 12.Ne5 Be7 13.f4 O-O 14.f5 Nfd5 15.Bxe7 Qxe7
16.fxe6 f6 17.Nxd5 Bxd5 18.Bxd5 Nxd5 19.Nd7 Rfe8 20.Re1 Qd6 21.Qb3 a5 22.Re4 Re7
23.Rae1 Rc8 24.Rg4 Kh8 25.Rge4 Rce8 26.g3 Rxe6 27.Rxe6 Rxe6 28.Rxe6 Qxe6
29.Nxb6 Qe1+ 30.Kg2 Qe2+ 31.Kh3 Ne3  0-1

[Event "9th UIL&UL GM"]
[Site "Dahka BAN"]
[Date "2009.08.28"]
[Round "9"]
[White "Mchedlishvili,M"]
[Black "Rausis,I"]
[Result "1/2-1/2"]
[WhiteElo "2592"]
[BlackElo "2512"]

1.d4 d5 2.c4 dxc4 3.e3 Nf6 4.Bxc4 e6 5.Nf3 c5 6.O-O cxd4 7.exd4 Nc6 8.Nc3 Be7
9.Re1 O-O 10.Bg5 a6 11.Bb3 b5 12.d5 Nxd5 13.Bxd5 exd5 14.Qxd5 Qxd5 15.Nxd5 Bxg5
16.Nxg5 h6 17.Ne4 Rd8 18.Rad1 Bf5 19.h3 Bxe4 20.Rxe4 Kf8 21.Ree1  1/2-1/2

[Event "XXXII Banicky kahanec"]
[Site "Prievidza CZE"]
[Date "2009.09.06"]
[Round "3"]
[White "Michalik,P"]
[Black "Simacek,P"]
[Result "0-1"]
[WhiteElo "2439"]
[BlackElo "2499"]

1.d4 d5 2.Nf3 Nf6 3.c4 dxc4 4.e3 e6 5.Bxc4 c5 6.O-O a6 7.Bb3 b5 8.Qe2 Bb7
9.Rd1 Nbd7 10.a4 b4 11.Nbd2 Be7 12.Nc4 O-O 13.dxc5 Bxc5 14.Nd6 Bc6 15.e4 Ng4
16.Nd4 Qh4 17.Bf4 Qxf2+ 18.Qxf2 Nxf2 19.Kxf2 e5 20.Bxe5 Nxe5 21.Kg3 Bd7 22.Nf3 Nxf3
23.gxf3 Ra7 24.e5 Be6 25.Bxe6 fxe6 26.Rac1 Be3 27.Rc4 g5 28.Ne4 Bf4+ 29.Kg2 Bxe5
30.Rxb4 Rc7 31.Rd2 Bf4 32.Re2 Rfc8 33.Nc3 Kf7 34.Ree4 Rd8 35.Re2 Rc6 36.Rb7+ Kg6
37.Ne4 Rd1 38.b4 h5 39.Nf2 Rd2 40.Rxd2 Bxd2 41.b5 Rc2 42.Kf1 axb5 43.Rxb5 Be3
44.Ne4 Rxh2 45.Re5 Ra2 46.Rxe6+ Kf5 47.Nxg5 Bxg5 48.Re2 Rxa4 49.Kg2 Bf4 50.Rb2 Be5
51.f4  0-1

[Event "4th Xtracon Skovbo"]
[Site "Borup DEN"]
[Date "2009.09.13"]
[Round "9"]
[White "Glud,J"]
[Black "Sulskis,S"]
[Result "1/2-1/2"]
[WhiteElo "2476"]
[BlackElo "2568"]

1.d4 d5 2.Nf3 Nf6 3.c4 dxc4 4.e3 e6 5.Bxc4 c5 6.O-O a6 7.Bb3 Be7 8.Nc3 b5
9.Qe2 Bb7 10.Rd1 Nbd7 11.e4 cxd4 12.Nxd4 Qc7 13.Bg5 O-O 14.Nxe6 fxe6 15.Bxe6+ Kh8
16.Bxd7 Bd6 17.Bh3 Bxh2+ 18.Kh1 Be5 19.Bxf6 Rxf6 20.Nd5 Bxd5 21.Rxd5 Raf8
22.Rad1 h6 23.Qh5 Bxb2 24.f3 Qf4 25.e5 g6 26.g3 Qxf3+ 27.Qxf3 Rxf3 28.e6 Ba3
29.R1d3 Bb4 30.Bg2 Rxd3 31.Rxd3 Kg7 32.Rd7+ Kf6 33.Bd5 Ke5 34.Bb3 Kf6 35.Kg2 h5
36.Ra7  1/2-1/2

[Event "XingQiu Open"]
[Site "Lishui CHN"]
[Date "2009.09.19"]
[Round "3"]
[White "Lou Yiping"]
[Black "Yu Ruiyuan"]
[Result "1/2-1/2"]
[WhiteElo "2398"]
[BlackElo "2306"]

1.d4 d5 2.c4 dxc4 3.Nf3 Nf6 4.e3 e6 5.Bxc4 c5 6.O-O a6 7.dxc5 Qxd1 8.Rxd1 Bxc5
9.b3 O-O 10.Bb2 Nbd7 11.Nbd2 b6 12.Be2 Bb7 13.Ne1 Rfd8 14.Bf3 Bxf3 15.Ndxf3 Rac8
16.Rac1 Be7 17.Nd4 Nc5 18.b4 Nb7 19.Nd3 Kf8 20.a4 a5 21.b5 Nc5 22.Nxc5 Rxc5
23.Kf1 Ke8 24.Ke2 Rcd5 25.Nc6 Rxd1 26.Rxd1 Rxd1 27.Kxd1 g6 28.Bxf6 Bxf6 29.Ke2 Kd7
30.Kd3 Kd6 31.Kc4 h5 32.e4 Be5 33.h3 Bh2 34.g3 f6 35.Kd4 h4 36.e5+ fxe5+
37.Nxe5 Bg1 38.Nc4+ Ke7 39.gxh4 Bxf2+ 40.Ke4 Kf6 41.Ne5 Bc5 42.Nd7+ Ke7 43.Ne5 Kf6
44.Ng4+ Kf7 45.Ne5+  1/2-1/2

[Event "XingQiu Open"]
[Site "Lishui CHN"]
[Date "2009.09.20"]
[Round "4"]
[White "Li Bo"]
[Black "Xiu Deshun"]
[Result "0-1"]
[WhiteElo "2335"]
[BlackElo "2494"]

1.d4 e6 2.Nf3 c5 3.e3 d5 4.c4 dxc4 5.Bxc4 Nf6 6.O-O a6 7.dxc5 Bxc5 8.Qxd8+ Kxd8
9.Rd1+ Ke7 10.a3 b5 11.b4 Bd6 12.Bb3 Bb7 13.Bb2 Nbd7 14.Nbd2 Ng4 15.Bc2 f5
16.h3 Ngf6 17.Re1 Rhc8 18.Bb1 a5 19.bxa5 Bxf3 20.Nxf3 Nc5 21.Nd4 Na4 22.Bc1 Rxa5
23.Ba2 Nc5 24.Rb1 Be5 25.Bd2 Ra6 26.Rxb5 Nd3 27.Rxe5 Nxe5 28.Bb4+ Ke8 29.Bxe6 Rb8
30.Bxf5 g6 31.f4 Nc6 32.Bd3 Nd5 33.Bd2 Rb2 34.e4 Nc3 35.Be3 Ra2 36.e5 R6xa3
37.g4 Ne2+ 38.Rxe2 Rxd3 39.Kf2  0-1

[Event "TCh-SRB w"]
[Site "Pozarevac SRB"]
[Date "2009.09.21"]
[Round "8"]
[White "Maksimovic,S"]
[Black "Djukic,Sa"]
[Result "1-0"]
[WhiteElo "2255"]
[BlackElo "2233"]

1.Nf3 Nf6 2.c4 e6 3.d4 d5 4.e3 dxc4 5.Bxc4 c5 6.Qe2 Nc6 7.O-O cxd4 8.Rd1 Be7
9.exd4 O-O 10.Nc3 Nd5 11.Ne4 a6 12.h4 h6 13.h5 b5 14.Bd3 f5 15.Nc5 Bxc5 16.dxc5 Qe8
17.a4 Na5 18.axb5 Nb3 19.Ra3 Nxc5 20.Bc4 Qxh5 21.Rxd5 exd5 22.Bxd5+ Be6 23.Bxe6+ Kh8
24.Bd5 Rad8 25.Qe7 Ne4 26.Bf4 Nf6 27.Bb3 Rde8 28.Qb4 axb5 29.Ra7 Qg4 30.Ne5 Qh5
31.Bf7 Qd1+ 32.Kh2 Qh5+ 33.Bxh5  1-0

[Event "FSGM October"]
[Site "Budapest HUN"]
[Date "2009.10.03"]
[Round "1"]
[White "Czebe,A"]
[Black "Fodor,T jr"]
[Result "1/2-1/2"]
[WhiteElo "2485"]
[BlackElo "2430"]

1.d4 d5 2.c4 dxc4 3.Nf3 Nf6 4.e3 e6 5.Bxc4 c5 6.dxc5 Qxd1+ 7.Kxd1 Bxc5 8.a3 a6
9.b4 Bd6 10.Bb2 Nbd7 11.Ke2 b5 12.Bd3 Bb7 13.Rd1 Ke7 14.Nbd2 Rhd8 15.Nb3 Rac8
16.Rac1 Bxf3+ 17.gxf3 Rxc1 18.Rxc1 Ne5 19.Bxe5 Bxe5 20.Nc5 Nd5 21.Nxa6 Bb2
22.Rc5 Bxa3 23.Bxb5 Nxb4 24.Nxb4 Bxb4 25.Rc7+  1/2-1/2

[Event "VII Marx Gyorgy Mem"]
[Site "Paks HUN"]
[Date "2009.10.04"]
[Round "9"]
[White "Meier,Geo"]
[Black "Ganguly,S"]
[Result "1/2-1/2"]
[WhiteElo "2664"]
[BlackElo "2634"]

1.d4 d5 2.c4 dxc4 3.Nf3 Nf6 4.e3 e6 5.Bxc4 c5 6.O-O a6 7.Bb3 Nc6 8.Nc3 Be7
9.dxc5 Qxd1 10.Rxd1 Bxc5 11.Bd2 Bd7 12.Rac1 Ba7 13.Be1 Ke7 14.e4 Ng4 15.Na4 Rhc8
16.Nc5 Nd4 17.Rxd4 Bxc5 18.Rxc5 Rxc5 19.Bb4 Rc8 20.Rc4 b6 21.e5 f5 22.exf6+ Nxf6
23.Ne5 Bb5 24.Bxc5+ Rxc5 25.Rxc5 bxc5 26.f4 Nd5 27.g3 Nb6 28.Kf2 h6 29.Bc2 a5
30.h4 Kd6 31.g4 Nd7 32.Nf3 Nf6 33.Ne5 Nd7 34.Nf3 Nf6 35.Ne5  1/2-1/2

[Event "TCh-SLO East 1st League"]
[Site "Sentjur SLO"]
[Date "2009.10.23"]
[Round "2"]
[White "Vidic,B"]
[Black "Titan,M"]
[Result "1/2-1/2"]
[WhiteElo "1962"]
[BlackElo "2054"]

1.d4 d5 2.c4 dxc4 3.Nf3 Nf6 4.e3 e6 5.Bxc4 c5 6.O-O a6 7.a3 b5 8.Be2 c4 9.a4 Bb7
10.axb5 axb5 11.Rxa8 Bxa8 12.b3 Qc7 13.bxc4 bxc4 14.Qa4+ Bc6 15.Qxc4 Bd6
16.Ba3 O-O 17.Re1 Bxa3 18.Nxa3 Qb7 19.Nb5 Bd5 20.Qa4 Nbd7 21.Qa7 Bxf3 22.gxf3 Qd5
23.Qc7 h6 24.Qd6 Qa2 25.Kf1 Qa8 26.Kg2 Rb8  1/2-1/2